000 00513nam a2200181 4500
003 LK-CoMWRAF
005 20230906104324.0
008 230906b2006 |||||||| |||| 00| 0 eng d
020 _a9551266242
040 _aLK-CoMWRAF
_dLK-CoMWRAF
_eLK-CoMWRAF
082 _a894.81
_bTHI
100 _a Thiruchandran, Selvy
245 _aStories from the diaspora :
_bTamil women, writing
260 _aColombo :
_bVijithayapa publications,
_c2006
300 _a[viii],96p. ; 20 cm.
650 _aTamil women
942 _cBK
999 _c3425
_d3425